Engineering drawing fundamentals
| Main Author: | |
|---|---|
| Other Authors: | |
| Format: | Book |
| Published: |
England :
Stanley Thornes ,
1992
|
| Subjects: |
MARC
| LEADER | 00000cam a2200000 7i4500 | ||
|---|---|---|---|
| 001 | 0000002710 | ||
| 002 | 000002939 | ||
| 005 | 20000330.0 | ||
| 020 | |a 0748715592 | ||
| 090 | 0 | 0 | |a 604.2 |b PAR |
| 100 | 1 | |a Parker, Maurice | |
| 245 | 1 | 0 | |a Engineering drawing fundamentals |c Maurice Parker & Len Dennis |
| 260 | |a England : |b Stanley Thornes , |c 1992 | ||
| 300 | |a 165p. : |b ill. ; |c 27cm. | ||
| 650 | 0 | 0 | |a Engineering drawing |
| 700 | 0 | |a Dennis, Len | |
| 999 | |a 036299 |b BUKU |c PINJAMAN |e PERPUSTAKAAN KOMUNITI PETALING JAYA | ||